000 004660000a22001810004500
041 0 _aENG
082 0 4 _aG 264 K396m
100 1 _aKern, John A. (Adam) (1846-1926)
245 1 0 _aThe ministry to the congregation / John A. Kern
250 _a20
260 _aNashville, TN., USA : Cokesbury
300 _a551 Pag
001 7075
942 _cBK
999 _c37309
_d37309
336 _atexto
_btxt
_2rdacontent
337 _2rdamedia
_asin mediación
_bn
338 _2rdacarrier
_avolumen
_bnc